Anthropology:Fifteenth Edition/ (Record no. 175531)

MARC details
000 -LEADER
fixed length control field 00702nam a22002057a 4500
005 - DATE AND TIME OF LATEST TRANSACTION
control field 20200908142342.0
010 ## - LCCN (DPL NO)
LC control number ENG-128390
020 ## - INTERNATIONAL STANDARD BOOK NUMBER
Terms of availability 750.00
International Standard Book Number 9789353949600
035 ## - SYSTEM CONTROL NUMBER
System control number EN-111922
037 ## - SOURCE OF ACQUISITION
Source of stock number/acquisition DBAD/PUB
082 ## - DEWEY DECIMAL CLASSIFICATION NUMBER
Classification number 301
100 ## - MAIN ENTRY--PERSONAL NAME
Personal name Ember, Carol R.
245 ## - TITLE STATEMENT
Title Anthropology:Fifteenth Edition/
Statement of responsibility, etc by Carol R. Ember, Melvin E. Ember and Peter N. Peregrine
260 ## - PUBLICATION, DISTRIBUTION, ETC. (IMPRINT)
Place of publication, distribution, etc Noida
Name of publisher, distributor, etc Pearson
Date of publication, distribution, etc 2021
270 ## - ADDRESS
Address 15th floor,Tower-B,Word Trade Tower,Plot no.1,Block-C sec 16,
City Noida
Postal code 201301
Telephone number 04466540100
Electronic mail address companysecretary.india@pearson.com
300 ## - PHYSICAL DESCRIPTION
Extent xviii;633p.
Dimensions 25cm(pbk)
700 ## - ADDED ENTRY--PERSONAL NAME
Personal name Ember, Melvin R.
700 ## - ADDED ENTRY--PERSONAL NAME
Personal name Peregrine Peter N.
942 ## - ADDED ENTRY ELEMENTS (KOHA)
Source of classification or shelving scheme Dewey Decimal Classification
Item type English Books
Classification part 301
Call number suffix EMB
Holdings
Withdrawn status Lost status Not for loan Home library Current library Date acquired Source of acquisition Cost, normal purchase price Full call number Barcode Cost, replacement price Koha item type
      Andrews Gunj Andrews Gunj 08/09/2020 DBAD 750.00 301 EMB EN-111922 750.00 English Books

© Delhi Public Library
Hit Counter
free hit counter